[Event "CZE-chT2B 1516"]
[Site "Czech Republic"]
[Date "2016.01.10"]
[Round "5.6"]
[White "Hajny, Miloslav"]
[Black "Kamenik, Martin"]
[Result "1/2-1/2"]
[WhiteElo "2041"]
[BlackElo "1937"]
[PlyCount "57"]
[EventDate "2015.10.18"]
[EventType "team-tourn"]
[EventRounds "11"]
[EventCountry "CZE"]
[SourceTitle "EXT 2022"]
[Source "ChessBase"]
[SourceDate "2021.10.06"]
[SourceVersion "1"]
[SourceVersionDate "2021.10.06"]
[SourceQuality "1"]
[WhiteTeam "Mlada Boleslav"]
[BlackTeam "Most Chess"]
[WhiteTeamCountry "CZE"]
[BlackTeamCountry "CZE"]

1. Nf3 d6 2. d4 g6 3. c4 Bg7 4. Nc3 Nc6 5. h3 a6 6. e4 e5 7. d5 Nce7 8. Be2 h6 9. 0-0 f5 10. exf5 gxf5 11. Re1 Nf6 12. Nh4 0-0 13. f4 e4 14. Be3 Kh7 15. g3 Rg8 16. Kh2 Bd7 17. Rc1 Ng6 18. Nxg6 Kxg6 19. Rg1 Kh7 20. b4 a5 21. a3 axb4 22. axb4 Ra3 23. Bd4 Qe7 24. c5 Qf7 25. Bc4 Nh5 26. Be2 Nf6 27. Bc4 Nh5 28. Be2 Nf6 29. Bc4 1/2-1/2

[Event "CZE-chT2B 1415"]
[Site "Czech Republic"]
[Date "2015.04.19"]
[Round "11.1"]
[White "Kamenik, Martin"]
[Black "Pribyl, Josef"]
[Result "0-1"]
[WhiteElo "2022"]
[BlackElo "2252"]
[PlyCount "84"]
[EventDate "2014.11.02"]
[EventType "team-tourn"]
[EventRounds "11"]
[EventCountry "CZE"]
[SourceTitle "EXT 2022"]
[Source "ChessBase"]
[SourceDate "2021.10.06"]
[SourceVersion "1"]
[SourceVersionDate "2021.10.06"]
[SourceQuality "1"]
[WhiteTeam "Most Chess II"]
[BlackTeam "Neratovice"]
[WhiteTeamCountry "CZE"]
[BlackTeamCountry "CZE"]

1. e4 Nf6 2. e5 Nd5 3. c4 Nb6 4. c5 Nd5 5. Bc4 e6 6. Nc3 Nxc3 7. bxc3 Qh4 8. Qe2 Bxc5 9. d4 Bf8 10. Nf3 Qd8 11. 0-0 d5 12. exd6 cxd6 13. Ng5 h6 14. Nh3 Be7 15. f4 Nc6 16. Bd2 d5 17. Bd3 g6 18. Rae1 Qc7 19. Kh1 Bd7 20. Ng1 0-0-0 21. Nf3 f5 22. Rc1 g5 23. c4 Ba3 24. cxd5 exd5 25. Ne5 Bxc1 26. Rxc1 g4 27. Qe1 Rde8 28. Qd1 Kb8 29. Qb3 Ka8 30. Qxd5 Be6 31. Qc5 Rd8 32. Be3 Rd5 33. Qc3 Rc8 34. Bf1 Qa5 35. Qc2 Rdd8 36. Nc4 Nxd4 37. Qf2 Bxc4 38. Bxc4 Qa3 39. Re1 Rxc4 40. Bxd4 Rc1 41. Qe2 Rxe1+ 42. Qxe1 Qxa2 0-1

[Event "CZE-chT2B 1415"]
[Site "Czech Republic"]
[Date "2015.03.29"]
[Round "10.1"]
[White "Sejkora, Vlastimil"]
[Black "Kamenik, Martin"]
[Result "1-0"]
[WhiteElo "2250"]
[BlackElo "2022"]
[PlyCount "83"]
[EventDate "2014.11.02"]
[EventType "team-tourn"]
[EventRounds "11"]
[EventCountry "CZE"]
[SourceTitle "EXT 2022"]
[Source "ChessBase"]
[SourceDate "2021.10.06"]
[SourceVersion "1"]
[SourceVersionDate "2021.10.06"]
[SourceQuality "1"]
[WhiteTeam "Decin"]
[BlackTeam "Most Chess II"]
[WhiteTeamCountry "CZE"]
[BlackTeamCountry "CZE"]

1. c4 e5 2. Nc3 f5 3. e3 Nf6 4. d4 e4 5. Nge2 c6 6. h4 Bd6 7. g3 Bc7 8. d5 Qe7 9. Nd4 d6 10. dxc6 bxc6 11. b3 0-0 12. Bb2 Ng4 13. Be2 Ne5 14. Qc2 Na6 15. 0-0-0 Nb4 16. Qd2 a6 17. a3 Nbd3+ 18. Bxd3 Nxd3+ 19. Kb1 Bb7 20. Rhf1 d5 21. cxd5 cxd5 22. Na4 Rab8 23. Ka2 Be5 24. f4 Nxb2 25. Qxb2 Bc7 26. Rc1 Bd6 27. Rc2 Rbc8 28. Rxc8 Bxc8 29. Rc1 Qb7 30. Nc5 Qe7 31. Qc3 Re8 32. Qa5 Bc7 33. Qa4 Bb6 34. Qc6 Bxc5 35. Qxd5+ Be6 36. Qxc5 Qxc5 37. Rxc5 g6 38. Rc6 Bc8 39. Rc7 Be6 40. Kb2 Bf7 41. Ra7 Kg7 42. Nc6 1-0

[Event "CZE-chT2B 1415"]
[Site "Czech Republic"]
[Date "2015.03.15"]
[Round "9.1"]
[White "Kamenik, Martin"]
[Black "Voloshin, Leonid"]
[Result "0-1"]
[WhiteElo "2022"]
[BlackElo "2387"]
[PlyCount "92"]
[EventDate "2014.11.02"]
[EventType "team-tourn"]
[EventRounds "11"]
[EventCountry "CZE"]
[SourceTitle "EXT 2022"]
[Source "ChessBase"]
[SourceDate "2021.10.06"]
[SourceVersion "1"]
[SourceVersionDate "2021.10.06"]
[SourceQuality "1"]
[WhiteTeam "Most Chess II"]
[BlackTeam "Jicin III"]
[WhiteTeamCountry "CZE"]
[BlackTeamCountry "CZE"]

1. e4 c5 2. Nc3 Nc6 3. f4 g6 4. Nf3 Bg7 5. Bc4 e6 6. 0-0 Nge7 7. e5 d5 8. exd6 Nf5 9. Ne4 Nxd6 10. Nxd6+ Qxd6 11. d3 0-0 12. Ng5 h6 13. Ne4 Qe7 14. c3 Kh7 15. Be3 b6 16. Qe2 Na5 17. Bb3 Nxb3 18. axb3 Bb7 19. Rad1 f5 20. Nf2 e5 21. Bc1 Rae8 22. Rfe1 Qd6 23. Qd2 exf4 24. Qxf4 Qc6 25. Qg3 f4 26. Qh3 f3 27. Ne4 fxg2 28. Qxg2 Qd7 29. h3 Rf7 30. Qg4 Qxg4+ 31. hxg4 Rfe7 32. Kf2 Bxe4 33. dxe4 Rxe4 34. Rxe4 Rxe4 35. Kf3 Re7 36. Rh1 Rf7+ 37. Ke4 Rf2 38. Kd5 Rg2 39. g5 h5 40. Kc6 Rf2 41. Re1 Kg8 42. Kd7 h4 43. Re8+ Bf8 44. Re4 h3 45. Rh4 h2 46. Be3 Rf3 0-1

[Event "CZE-chT2B 1415"]
[Site "Czech Republic"]
[Date "2015.02.22"]
[Round "8.1"]
[White "Rehorek, Martin"]
[Black "Kamenik, Martin"]
[Result "1-0"]
[WhiteElo "2293"]
[BlackElo "2022"]
[PlyCount "61"]
[EventDate "2014.11.02"]
[EventType "team-tourn"]
[EventRounds "11"]
[EventCountry "CZE"]
[SourceTitle "EXT 2022"]
[Source "ChessBase"]
[SourceDate "2021.10.06"]
[SourceVersion "1"]
[SourceVersionDate "2021.10.06"]
[SourceQuality "1"]
[WhiteTeam "Mlada Boleslav"]
[BlackTeam "Most Chess II"]
[WhiteTeamCountry "CZE"]
[BlackTeamCountry "CZE"]

1. e4 d5 2. exd5 Nf6 3. d4 Nxd5 4. Nf3 Bg4 5. Be2 e6 6. 0-0 Be7 7. h3 Bh5 8. Ne5 Bxe2 9. Qxe2 0-0 10. Rd1 Bf6 11. Ng4 c6 12. c4 Nb6 13. Nxf6+ Qxf6 14. Nc3 N8d7 15. a4 a5 16. b3 Rfe8 17. Ne4 Qg6 18. Nd6 Reb8 19. Rd3 f5 20. Rg3 Qf6 21. Bg5 Qg6 22. Bf4 Qf6 23. Re1 Re8 24. Nxe8 Rxe8 25. Qd2 g6 26. Be5 Nxe5 27. dxe5 Qd8 28. Rd3 Qa8 29. Rd1 Kf7 30. Qg5 Qc8 31. Qf6+ 1-0

[Event "CZE-chT2B 1415"]
[Site "Czech Republic"]
[Date "2014.11.02"]
[Round "1.1"]
[White "Vykouk, Jan"]
[Black "Kamenik, Martin"]
[Result "1-0"]
[WhiteElo "2149"]
[BlackElo "2022"]
[PlyCount "85"]
[EventDate "2014.11.02"]
[EventType "team-tourn"]
[EventRounds "11"]
[EventCountry "CZE"]
[SourceTitle "EXT 2022"]
[Source "ChessBase"]
[SourceDate "2021.10.06"]
[SourceVersion "1"]
[SourceVersionDate "2021.10.06"]
[SourceQuality "1"]
[WhiteTeam "Most Chess"]
[BlackTeam "Most Chess II"]
[WhiteTeamCountry "CZE"]
[BlackTeamCountry "CZE"]

1. e4 c5 2. Nf3 Nc6 3. Nc3 d6 4. d4 cxd4 5. Nxd4 e5 6. Nf5 Nf6 7. Ne3 Be6 8. g3 h5 9. h3 g6 10. Bg2 Bg7 11. Ned5 Ne7 12. Nxe7 Qxe7 13. Bg5 a6 14. Nd5 Bxd5 15. exd5 Qd7 16. 0-0 Nh7 17. Be3 f5 18. f4 e4 19. Bd4 Nf6 20. c4 0-0 21. Rc1 Rac8 22. b4 Rfe8 23. Qb3 Kh7 24. Rfd1 h4 25. gxh4 Nh5 26. Bxg7 Qxg7 27. Qe3 Qf6 28. c5 Qxh4 29. cxd6 Rxc1 30. Rxc1 Qxf4 31. Qxf4 Nxf4 32. Rc7+ Kh6 33. d7 Rd8 34. Rxb7 Nxd5 35. Bf1 f4 36. Bxa6 f3 37. Bc4 Nf4 38. Kf2 Nxh3+ 39. Ke3 g5 40. Rc7 g4 41. Kxe4 Kh5 42. Kf5 g3 43. Rc8 1-0

[Event "CZE-chT2B 1314"]
[Site "Czech Republic"]
[Date "2014.04.06"]
[Round "11.5"]
[White "Kamenik, Martin"]
[Black "Sulc, Frantisek"]
[Result "1-0"]
[WhiteElo "2035"]
[BlackElo "1760"]
[PlyCount "91"]
[EventDate "2013.11.03"]
[EventType "team-tourn"]
[EventRounds "11"]
[EventCountry "CZE"]
[SourceTitle "EXT 2015"]
[Source "ChessBase"]
[SourceDate "2014.11.20"]
[SourceVersion "1"]
[SourceVersionDate "2014.11.20"]
[SourceQuality "1"]
[WhiteTeam "Most Chess"]
[BlackTeam "Litomerice"]
[WhiteTeamCountry "CZE"]
[BlackTeamCountry "CZE"]

1. e4 c5 2. Nc3 Nc6 3. f4 g6 4. Nf3 Bg7 5. Bc4 e6 6. 0-0 a6 7. a4 Nge7 8. e5 0-0 9. Ne4 Nf5 10. d3 b6 11. c3 d5 12. exd6 Nxd6 13. Nxd6 Qxd6 14. Qe2 Bb7 15. Be3 b5 16. axb5 axb5 17. Bxb5 Rxa1 18. Rxa1 Ra8 19. Rxa8+ Bxa8 20. Nd2 Qb8 21. Bxc6 Bxc6 22. Nc4 Bb5 23. Na3 Bf8 24. Nxb5 Qxb5 25. h4 h5 26. Kh2 Bd6 27. Qc2 Qb8 28. Qf2 Qc7 29. g3 Qc6 30. Qg2 Qb5 31. Qe2 Qc6 32. c4 Qb6 33. Bc1 Qb7 34. Kg1 Qb3 35. Kf2 Bf8 36. g4 hxg4 37. Kg3 Bg7 38. Kxg4 Qb7 39. Qf2 Qe7 40. Be3 f5+ 41. Kh3 Bf8 42. d4 cxd4 43. Bxd4 Qc7 44. c5 Qb7 45. Qg2 Qb3+ 46. Qg3 1-0

[Event "CZE-chT2B 1314"]
[Site "Czech Republic"]
[Date "2014.03.02"]
[Round "9.7"]
[White "Franek, Jan1111"]
[Black "Kamenik, Martin"]
[Result "0-1"]
[WhiteElo "1994"]
[BlackElo "2035"]
[PlyCount "66"]
[EventDate "2013.11.03"]
[EventType "team-tourn"]
[EventRounds "11"]
[EventCountry "CZE"]
[SourceTitle "EXT 2015"]
[Source "ChessBase"]
[SourceDate "2014.11.20"]
[SourceVersion "1"]
[SourceVersionDate "2014.11.20"]
[SourceQuality "1"]
[WhiteTeam "Praha Bohemians II"]
[BlackTeam "Most Chess"]
[WhiteTeamCountry "CZE"]
[BlackTeamCountry "CZE"]

1. e4 d5 2. exd5 Nf6 3. d4 Nxd5 4. f4 Bf5 5. c3 e6 6. Nf3 Be7 7. Be2 0-0 8. 0-0 c5 9. Ne5 cxd4 10. cxd4 Nc6 11. g4 Bxb1 12. Rxb1 Qb6 13. Nxc6 bxc6 14. Rf3 c5 15. Be3 Rad8 16. Bf2 cxd4 17. Bd3 Ne3 18. Qe2 Nxg4 19. Rh3 f5 20. Re1 Nxf2 21. Kxf2 Rf6 22. Rg1 Qd6 23. Qf3 Rb8 24. b3 Rc8 25. Qg3 Rg6 26. Qf3 Rxg1 27. Kxg1 h6 28. Bc4 Kh7 29. Rg3 Bf6 30. Rg2 d3 31. Qxd3 Qxf4 32. Qd2 Rxc4 33. bxc4 Bd4+ 0-1

[Event "CZE-chT2B 1314"]
[Site "Czech Republic"]
[Date "2014.01.05"]
[Round "5.7"]
[White "Richter, Martin1111"]
[Black "Kamenik, Martin"]
[Result "1-0"]
[WhiteElo "2017"]
[BlackElo "2035"]
[PlyCount "103"]
[EventDate "2013.11.03"]
[EventType "team-tourn"]
[EventRounds "11"]
[EventCountry "CZE"]
[SourceTitle "EXT 2015"]
[Source "ChessBase"]
[SourceDate "2014.11.20"]
[SourceVersion "1"]
[SourceVersionDate "2014.11.20"]
[SourceQuality "1"]
[WhiteTeam "Bakov nad Jizerou"]
[BlackTeam "Most Chess"]
[WhiteTeamCountry "CZE"]
[BlackTeamCountry "CZE"]

1. e4 d6 2. d4 g6 3. Nc3 Bg7 4. Be2 Nc6 5. Be3 e5 6. d5 Nce7 7. g4 a6 8. g5 f5 9. gxf6 Nxf6 10. h4 h6 11. Qd2 b5 12. a3 Ng4 13. h5 Nxe3 14. fxe3 g5 15. Nh3 0-0 16. Nf2 Kh7 17. Ng4 Ng8 18. 0-0-0 Nf6 19. Nxf6+ Bxf6 20. Rdg1 Qe8 21. Qd1 Bg7 22. Rf1 Bd7 23. Bg4 Qe7 24. Qe2 Rab8 25. Qg2 a5 26. b4 axb4 27. axb4 Bf6 28. Qh3 Bxg4 29. Qxg4 Bg7 30. Rf5 Rxf5 31. exf5 Bf6 32. e4 Qe8 33. Kd2 c5 34. dxc6 Qxc6 35. Nd5 Kg7 36. Ra1 Rb7 37. c3 Qd7 38. Qd1 Ra7 39. Qg1 Rxa1 40. Qxa1 Qb7 41. Qa5 g4 42. Qc7+ Qxc7 43. Nxc7 Bg5+ 44. Ke2 Be7 45. Nxb5 Kf6 46. Nc7 Kg5 47. Nd5 Bd8 48. f6 Bxf6 49. Nxf6 Kxf6 50. b5 Ke6 51. c4 d5 52. cxd5+ 1-0

[Event "CZE-chT2A 1213"]
[Site "Czech Republic"]
[Date "2013.03.03"]
[Round "10.4"]
[White "Kamenik, Martin"]
[Black "Skut, Michal"]
[Result "1-0"]
[WhiteElo "2044"]
[BlackElo "2026"]
[PlyCount "75"]
[EventDate "2012.10.14"]
[EventType "team-tourn"]
[EventRounds "11"]
[EventCountry "CZE"]
[SourceTitle "EXT 2015"]
[Source "ChessBase"]
[SourceDate "2014.11.20"]
[SourceVersion "1"]
[SourceVersionDate "2014.11.20"]
[SourceQuality "1"]
[WhiteTeam "Most Chess II"]
[BlackTeam "Klatovy"]
[WhiteTeamCountry "CZE"]
[BlackTeamCountry "CZE"]

1. e4 c5 2. Nc3 Nc6 3. f4 g6 4. Nf3 Bg7 5. Bc4 d6 6. 0-0 e6 7. d3 Nge7 8. Qe1 0-0 9. a3 a6 10. a4 Rb8 11. g4 b5 12. Bb3 d5 13. Ne2 f5 14. gxf5 exf5 15. exd5 Nxd5 16. Nc3 Nce7 17. Ne5 Qd6 18. axb5 axb5 19. Ra7 Be6 20. Bxd5 Nxd5 21. Be3 Rfe8 22. Qf2 Nxe3 23. Qxe3 Bc8 24. Re1 Qb6 25. Raa1 Be6 26. h4 Rbd8 27. Ne2 Bd5 28. Qg3 Bb7 29. Kh2 Re6 30. c3 Qc7 31. d4 Bd5 32. Rac1 Ra6 33. h5 Bxe5 34. fxe5 c4 35. Nf4 Qg7 36. Qg5 Rd7 37. e6 gxh5 38. Qxg7+ 1-0

[Event "CZE-chT2A 1213"]
[Site "Czech Republic"]
[Date "2013.02.17"]
[Round "9.4"]
[White "Jaros, Martin"]
[Black "Kamenik, Martin"]
[Result "1-0"]
[WhiteElo "2210"]
[BlackElo "2044"]
[PlyCount "130"]
[EventDate "2012.10.14"]
[EventType "team-tourn"]
[EventRounds "11"]
[EventCountry "CZE"]
[SourceTitle "EXT 2015"]
[Source "ChessBase"]
[SourceDate "2014.11.20"]
[SourceVersion "1"]
[SourceVersionDate "2014.11.20"]
[SourceQuality "1"]
[WhiteTeam "Plzen Sokol"]
[BlackTeam "Most Chess II"]
[WhiteTeamCountry "CZE"]
[BlackTeamCountry "CZE"]

1. e4 d6 2. d4 g6 3. Be3 Bg7 4. f3 Nc6 5. Qd2 e5 6. d5 Nce7 7. Nc3 f5 8. Bb5+ Bd7 9. Bxd7+ Qxd7 10. h3 b5 11. a3 h6 12. Nge2 Nf6 13. Qd3 a6 14. b4 0-0 15. 0-0 g5 16. a4 g4 17. hxg4 fxg4 18. axb5 gxf3 19. gxf3 axb5 20. Kg2 Kh7 21. Qxb5 Qc8 22. Rxa8 Qxa8 23. Rh1 Qc8 24. Ng3 Rg8 25. Qd3 Bf8 26. Qd2 Rg6 27. Kf2 Bg7 28. Nce2 Qf8 29. Nf5 Nfg8 30. Neg3 Nxf5 31. Nxf5 Ne7 32. Nxe7 Qxe7 33. Qe2 Bf6 34. Kf1 Bg5 35. Bf2 Bf4 36. c4 Qe8 37. Qa2 Rg7 38. Rg1 Bg5 39. Ke2 Qh5 40. Qb3 Qh2 41. c5 Rf7 42. c6 Bh4 43. Rf1 Qg2 44. Qe3 Bg5 45. Qc3 Qh3 46. b5 Qc8 47. Ra1 Kg6 48. Qa3 Qb8 49. Rb1 Bd8 50. Qa6 Bg5 51. b6 cxb6 52. Rxb6 Qf8 53. Qa3 Bd8 54. Rb8 Qe7 55. Qa8 Qf6 56. Qa3 h5 57. Rb1 h4 58. Rg1+ Kh5 59. Rh1 Qg6 60. Rh2 Rf4 61. Qc3 Qf7 62. Bg3 Qa7 63. Bxf4 Qa6+ 64. Qd3 Qxd3+ 65. Kxd3 exf4 1-0

[Event "CZE-chT2A 1213"]
[Site "Czech Republic"]
[Date "2012.11.18"]
[Round "3.4"]
[White "Satransky, Jaroslav"]
[Black "Kamenik, Martin"]
[Result "1/2-1/2"]
[WhiteElo "2224"]
[BlackElo "2044"]
[PlyCount "87"]
[EventDate "2012.10.14"]
[EventType "team-tourn"]
[EventRounds "11"]
[EventCountry "CZE"]
[SourceTitle "EXT 2015"]
[Source "ChessBase"]
[SourceDate "2014.11.20"]
[SourceVersion "1"]
[SourceVersionDate "2014.11.20"]
[SourceQuality "1"]
[WhiteTeam "Kladno"]
[BlackTeam "Most Chess II"]
[WhiteTeamCountry "CZE"]
[BlackTeamCountry "CZE"]

1. e4 d6 2. d4 g6 3. Nc3 Bg7 4. Be2 Nc6 5. Be3 e5 6. d5 Nce7 7. Qd2 f5 8. f3 a6 9. g3 b5 10. a3 Bd7 11. h4 h6 12. Nh3 Nf6 13. Nf2 Qb8 14. f4 h5 15. fxe5 dxe5 16. Bc5 Nc8 17. exf5 gxf5 18. Qg5 Kf7 19. Nd3 Ng4 20. Bxg4 hxg4 21. 0-0 Nd6 22. Bxd6 cxd6 23. Rxf5+ Bxf5 24. Qxf5+ Kg8 25. Qe6+ Kh7 26. Ne4 Rf8 27. Ng5+ Kh8 28. Qxg4 Qe8 29. Ne6 Rf7 30. Nf2 Bh6 31. Ne4 Qg8 32. N4g5 Rf6 33. Rf1 Rxf1+ 34. Kxf1 Qg6 35. Qe2 Rc8 36. c3 Bxg5 37. Nxg5 Rf8+ 38. Kg2 Rf5 39. Qe3 a5 40. Qb6 Rf8 41. Qe3 Qc2+ 42. Kg1 Qb1+ 43. Kh2 Qc2+ 44. Kg1 1/2-1/2

[Event "CZE-chT2B 1112"]
[Site "Czech Republic"]
[Date "2012.03.25"]
[Round "10.3"]
[White "Hrbolka, Ladislav Jr"]
[Black "Kamenik, Martin"]
[Result "1/2-1/2"]
[WhiteElo "2159"]
[BlackElo "2011"]
[PlyCount "22"]
[EventDate "2011.10.09"]
[EventType "team-tourn"]
[EventRounds "11"]
[EventCountry "CZE"]
[SourceTitle "EXT 2013"]
[Source "ChessBase"]
[SourceDate "2012.11.22"]
[SourceVersion "1"]
[SourceVersionDate "2012.11.22"]
[SourceQuality "1"]
[WhiteTeam "Most Chess"]
[BlackTeam "Most Marty"]
[WhiteTeamCountry "CZE"]
[BlackTeamCountry "CZE"]

1. e4 d6 2. d4 g6 3. Nc3 Bg7 4. Be3 Nc6 5. Qd2 e5 6. Nge2 f5 7. d5 Nce7 8. f3 a6 9. 0-0-0 Bd7 10. h4 f4 11. Bf2 h5 1/2-1/2

[Event "CZE-chT2B 1112"]
[Site "Czech Republic"]
[Date "2011.12.04"]
[Round "4.5"]
[White "Erban, Tomas"]
[Black "Kamenik, Martin"]
[Result "0-1"]
[WhiteElo "2130"]
[BlackElo "2011"]
[PlyCount "140"]
[EventDate "2011.10.09"]
[EventType "team-tourn"]
[EventRounds "11"]
[EventCountry "CZE"]
[SourceTitle "EXT 2013"]
[Source "ChessBase"]
[SourceDate "2012.11.22"]
[SourceVersion "1"]
[SourceVersionDate "2012.11.22"]
[SourceQuality "1"]
[WhiteTeam "Vrsovice"]
[BlackTeam "Most Marty"]
[WhiteTeamCountry "CZE"]
[BlackTeamCountry "CZE"]

1. d4 d6 2. g3 g6 3. Bg2 Bg7 4. Nf3 Nc6 5. 0-0 Nf6 6. a4 0-0 7. a5 a6 8. c3 Bg4 9. h3 Bd7 10. Nbd2 e5 11. dxe5 dxe5 12. Nc4 Re8 13. Bg5 h6 14. Be3 e4 15. Nfd2 Be6 16. Qc2 Bd5 17. Ra4 Qd7 18. Bf4 g5 19. Be3 Rad8 20. Na3 Nb8 21. Kh2 Qe6 22. Nab1 Nbd7 23. Ra3 c5 24. Nb3 Qc6 25. N1d2 c4 26. Nd4 Qd6 27. Nf5 Qe6 28. Nxg7 Kxg7 29. Bd4 Ne5 30. Ra4 Nc6 31. Bb6 Rd7 32. Rd1 h5 33. Nf1 h4 34. Qc1 Qe5 35. Bd4 Nxd4 36. cxd4 Qf5 37. Qe3 Bc6 38. gxh4 gxh4 39. Rxc4 Nd5 40. Qc1 Rd6 41. Rc5 Rg6 42. Rxd5 Bxd5 43. Qe3 Ree6 44. Nd2 Ref6 45. Rf1 Re6 46. Nb1 Bc6 47. Nc3 Qxa5 48. d5 Qc7+ 49. Kh1 Rxg2 50. Kxg2 Rg6+ 51. Kh1 Bd7 52. Nxe4 Qe5 53. Qc3 Qxc3 54. Nxc3 Bxh3 55. Rg1 Rxg1+ 56. Kxg1 Kf6 57. e4 Ke5 58. f3 Bd7 59. Kf2 f5 60. Ke3 f4+ 61. Kf2 a5 62. Na2 Bb5 63. Kg2 Bd7 64. Nc1 h3+ 65. Kh2 Kd4 66. Ne2+ Ke3 67. e5 Kxe2 68. e6 Bc8 69. Kxh3 Kxf3 70. Kh4 Ke4 0-1

[Event "CZE-chT2B 1011"]
[Site "Czech Republic"]
[Date "2011.03.06"]
[Round "9.4"]
[White "Hase, Pavel"]
[Black "Kamenik, Martin"]
[Result "1/2-1/2"]
[WhiteElo "2117"]
[BlackElo "2013"]
[PlyCount "88"]
[EventDate "2010.10.17"]
[EventType "team-tourn"]
[EventRounds "11"]
[EventCountry "CZE"]
[SourceTitle "EXT 2012"]
[Source "ChessBase"]
[SourceDate "2011.11.24"]
[SourceVersion "1"]
[SourceVersionDate "2011.11.24"]
[SourceQuality "1"]
[WhiteTeam "Praha Dukla"]
[BlackTeam "Marty Most"]
[WhiteTeamCountry "CZE"]
[BlackTeamCountry "CZE"]

1. e4 d6 2. d4 g6 3. Nc3 Bg7 4. Be3 Nc6 5. Qd2 e5 6. d5 Nce7 7. f4 exf4 8. Bxf4 f5 9. 0-0-0 fxe4 10. Nxe4 Nf6 11. Nxf6+ Bxf6 12. Bh6 Nf5 13. Nf3 Nxh6 14. Qxh6 Bg4 15. h4 Kd7 16. Be2 Kc8 17. Rde1 Bxf3 18. Bxf3 a5 19. Bg4+ Kb8 20. c3 a4 21. Kc2 Ra5 22. Bf3 Rc5 23. a3 Qd7 24. Qf4 Be5 25. Qb4 Rb5 26. Qe4 Rf8 27. Be2 Rc5 28. Ref1 Re8 29. Qd3 Qe7 30. Bf3 Qg7 31. Re1 Rf8 32. Re4 Qd7 33. Rd1 Rf4 34. Rde1 Rxe4 35. Rxe4 b5 36. Rb4 Ka7 37. Be2 Kb6 38. Kd1 c6 39. dxc6 Qxc6 40. Bf3 Qc7 41. Ke2 Bg3 42. Kd2 Qe7 43. Qe4 Qxe4 44. Rxe4 Rc4 1/2-1/2

[Event "CZE-chT2B 1011"]
[Site "Czech Republic"]
[Date "2011.02.06"]
[Round "7.4"]
[White "Stefanik, Oldrich"]
[Black "Kamenik, Martin"]
[Result "1/2-1/2"]
[WhiteElo "1870"]
[BlackElo "2013"]
[PlyCount "82"]
[EventDate "2010.10.17"]
[EventType "team-tourn"]
[EventRounds "11"]
[EventCountry "CZE"]
[SourceTitle "EXT 2012"]
[Source "ChessBase"]
[SourceDate "2011.11.24"]
[SourceVersion "1"]
[SourceVersionDate "2011.11.24"]
[SourceQuality "1"]
[WhiteTeam "Lipa"]
[BlackTeam "Marty Most"]
[WhiteTeamCountry "CZE"]
[BlackTeamCountry "CZE"]

1. Nf3 d6 2. c4 g6 3. Nc3 Bg7 4. g3 e5 5. Bg2 f5 6. d3 Nf6 7. 0-0 0-0 8. Bd2 h6 9. Qc2 Nc6 10. Rab1 Ne7 11. b4 c6 12. c5 Be6 13. Na4 b6 14. cxd6 Qxd6 15. Rfd1 Rac8 16. Bc3 Nfd5 17. Bd2 f4 18. a3 g5 19. Nc3 Nxc3 20. Bxc3 Nd5 21. Ba1 Bg4 22. Qb3 Rcd8 23. Re1 Kh8 24. Rbc1 Ne7 25. Nd2 Be6 26. Qc2 Bd5 27. Ne4 Qe6 28. Qb2 Rf7 29. Qd2 Qg6 30. Bc3 Nf5 31. Qb2 Re8 32. b5 cxb5 33. Nxg5 hxg5 34. Bxd5 Rfe7 35. Be4 Qe6 36. Qxb5 Nd6 37. Qd5 Nxe4 38. Qxe4 Rf7 39. Bb4 Rc8 40. Rxc8+ Qxc8 41. Qg6 Qf5 1/2-1/2

[Event "CZE-chT2B 1011"]
[Site "Czech Republic"]
[Date "2010.12.05"]
[Round "4.4"]
[White "Ruzicka, Vaclav1111"]
[Black "Kamenik, Martin"]
[Result "1-0"]
[WhiteElo "2030"]
[BlackElo "2013"]
[PlyCount "57"]
[EventDate "2010.10.17"]
[EventType "team-tourn"]
[EventRounds "11"]
[EventCountry "CZE"]
[SourceTitle "EXT 2012"]
[Source "ChessBase"]
[SourceDate "2011.11.24"]
[SourceVersion "1"]
[SourceVersionDate "2011.11.24"]
[SourceQuality "1"]
[WhiteTeam "Kladno"]
[BlackTeam "Marty Most"]
[WhiteTeamCountry "CZE"]
[BlackTeamCountry "CZE"]

1. d4 c5 2. e3 e6 3. c3 d5 4. f4 Nf6 5. Nf3 Nc6 6. Bd3 Ne4 7. 0-0 f5 8. Nbd2 Be7 9. Ne5 Nxe5 10. fxe5 0-0 11. Nxe4 fxe4 12. Rxf8+ Qxf8 13. Be2 b6 14. Bd2 Bd7 15. a4 g6 16. c4 h5 17. a5 dxc4 18. Qc2 Bc6 19. Bxc4 Bd5 20. Qb3 Rd8 21. axb6 axb6 22. Bxd5 exd5 23. Qxb6 Qf5 24. Rf1 Qg5 25. Qe6+ Kh8 26. Rf7 Bf8 27. h4 Qg3 28. Qf6+ Kg8 29. Rc7 1-0

[Event "CZE-chT2B 1011"]
[Site "Czech Republic"]
[Date "2010.11.21"]
[Round "3.4"]
[White "Kamenik, Martin"]
[Black "Janda, Zdenek"]
[Result "1/2-1/2"]
[WhiteElo "2013"]
[BlackElo "2114"]
[PlyCount "79"]
[EventDate "2010.10.17"]
[EventType "team-tourn"]
[EventRounds "11"]
[EventCountry "CZE"]
[SourceTitle "EXT 2012"]
[Source "ChessBase"]
[SourceDate "2011.11.24"]
[SourceVersion "1"]
[SourceVersionDate "2011.11.24"]
[SourceQuality "1"]
[WhiteTeam "Marty Most"]
[BlackTeam "Decin"]
[WhiteTeamCountry "CZE"]
[BlackTeamCountry "CZE"]

1. e4 d6 2. d4 g6 3. f4 Bg7 4. Nf3 c5 5. c3 cxd4 6. cxd4 Nf6 7. Nc3 0-0 8. Be2 Nc6 9. 0-0 Qb6 10. Kh1 Bg4 11. d5 Nb8 12. h3 Bxf3 13. Bxf3 Nbd7 14. Qe2 Nc5 15. Be3 Qb4 16. a3 Qb3 17. Kh2 Na4 18. Nxa4 Qxa4 19. Qd3 Qd7 20. Rac1 Rfc8 21. Rxc8+ Qxc8 22. Rc1 Qd7 23. b4 Ne8 24. b5 a6 25. b6 Rc8 26. Rxc8 Qxc8 27. Be2 Nf6 28. a4 h5 29. a5 Kf8 30. Bd4 Qc1 31. Be3 Qc8 32. Qc4 Qxc4 33. Bxc4 Nd7 34. Bd2 Ke8 35. Bb4 Kd8 36. Kg3 Nc5 37. Kf3 Na4 38. Ke3 Bc3 39. Bxc3 Nxc3 40. e5 1/2-1/2

[Event "CZE-chT2B 0910"]
[Site "Czech Republic"]
[Date "2010.03.14"]
[Round "9.1"]
[White "Kamenik, Martin"]
[Black "Svoboda, Svatopluk"]
[Result "0-1"]
[WhiteElo "2029"]
[BlackElo "2286"]
[PlyCount "78"]
[EventDate "2009.10.18"]
[EventType "team-tourn"]
[EventRounds "11"]
[EventCountry "CZE"]
[SourceTitle "EXT 2012"]
[Source "ChessBase"]
[SourceDate "2011.11.24"]
[SourceVersion "1"]
[SourceVersionDate "2011.11.24"]
[SourceQuality "1"]
[WhiteTeam "Most Marty"]
[BlackTeam "Pankrac II"]
[WhiteTeamCountry "CZE"]
[BlackTeamCountry "CZE"]

1. e4 e5 2. f4 d5 3. exd5 e4 4. Nc3 Nf6 5. d3 Bb4 6. Bd2 e3 7. Bxe3 Nxd5 8. Bd2 Bxc3 9. bxc3 Qf6 10. d4 0-0 11. Qf3 Re8+ 12. Kf2 Be6 13. Bd3 Nb6 14. Ne2 N8d7 15. Rhf1 Nc4 16. Bc1 Ndb6 17. g4 Nd6 18. g5 Qe7 19. Ng3 Bd5 20. Qg4 Nbc4 21. Nf5 Ne4+ 22. Kg1 Qe6 23. h3 Nxc3 24. Nh6+ gxh6 25. f5 h5 26. Qxh5 Qb6 27. f6 Qxd4+ 28. Kh2 Re2+ 29. Bxe2 Qe5+ 30. Bf4 Qxe2+ 31. Qxe2 Nxe2 32. Bxc7 Nd2 33. Rf5 Nf3+ 34. Rxf3 Bxf3 35. Rf1 Bd5 36. Rd1 Bxa2 37. Kg2 Nc3 38. Rd7 Be6 39. Rd4 Nd5 0-1